000 00323nam a22001457a 4500
008 230419b ||||| |||| 00| 0 eng d
020 _a9781483352589
041 _aeng
080 _2NINTH EDITION
_a37
082 _a37VIG
100 _a23
101 _aEDU
245 _aENVIRONMENTAL POLICY
_cVIG.J.N
942 _2udc
_cBK
999 _c59605
_d59605